Peopleware : productive projects and teams

Αποθηκεύτηκε σε:
Λεπτομέρειες βιβλιογραφικής εγγραφής
Κύριος συγγραφέας: DeMarco, Tom
Άλλοι συγγραφείς: Lister, Timothy R.
Μορφή: Βιβλίο
Γλώσσα:English
Δημοσίευση: New York : Dorset House, c1999
Έκδοση:2nd ed.
Θέματα:
Ετικέτες: Προσθήκη ετικέτας
Δεν υπάρχουν, Καταχωρήστε ετικέτα πρώτοι!

MARC

LEADER 00000nam a2200000 i 4500
001 1/96018
008 000204s1999 eng d
020 |a 0932633439 
035 |l 10055568 
040 |a GR-MY-UA  |b gre  |e aacr 
041 0 |a eng 
082 0 |a 658.314 
100 1 |a DeMarco, Tom. 
245 1 0 |a Peopleware :  |b productive projects and teams /  |c Tom DeMarco and Timothy Lister 
250 |a 2nd ed. 
260 |a New York :   |b Dorset House,   |c c1999 
300 |a x, 188 p.;  |b ill.;  |c 23 cm. 
504 |a Includes index and bibliography 
650 0 0 |a Organizational behavior. 
650 0 0 |a Organizational effectiveness. 
650 0 0 |a Project management. 
700 1 |a Lister, Timothy R. 
852 |a INST  |b SAMOS  |e 20000204  |h 658.314 DEM  |p 005300016295  |q 005300016295  |t BK  |y 0 
901 |a BIBL3-2000-1 
909 |a Σ  |b 071067 
922 |a 3ΕΛΗ  |b 199911  |c ΤΠΕΣ  |d ΠΑΠΑΣΩΤΗΡΙΟΥ 
950 |a 133-1999-07-20 
970 |a ΓΕΝΟΥΖΟΥ  |b ΧΡΥΣΑΝΘΗ  |z 2000/02/04